Guess all the Transformers in the Bayverse - Statistics

General Stats
  • This quiz has been taken 37 times
    30 since last reset
  • The average score is 31 of 86
Answer Stats
Faction Movie Year Transformer % Correct
Autobot 2007 Bumblebee
100%
Autobot 2007 Optimus Prime
100%
Decepticon 2007 Megatron
96%
Autobot 2007 Ironhide
88%
Autobot 2007 Jazz
88%
Autobot 2007 Ratchet
88%
Decepticon 2007 Starscream
88%
Autobot 2009 Arcee
68%
Decepticon 2007 Barricade
68%
Dinobot 2014 Grimlock
68%
A Fake Prime 2011 Sentinel Prime
68%
Communication Officer 2009 Soundwave
68%
The Aggressive Prime 2009 The Fallen/Megatronus Prime
68%
Became a Autobot 2009 Jetfire
64%
Autobot 2009 Mudflap
64%
Decepticon 2007 Blackout
56%
Decepticon 2007 Bonecrusher
56%
Decepticon 2011 Shockwave
56%
Autobot 2009 Sideswipe
56%
Autobot 2009 Skids
56%
Former Decepticon 2009 Wheelie
56%
Constructicons Combined 2009 Devastator
52%
Autobot 2011 Dino/Mirage
52%
Autobot 2014 Drift
52%
KSI 2014 Galvatron
52%
Autobot 2011 Brains
48%
Decepticon 2007 Brawl
44%
Autobot 2017 Hot Rod
44%
Autobot 2014 Hound
44%
Mercrenary 2014 Lockdown
44%
Autobot 2011 Que/Wheeljack
44%
Minicon 2009 Ravage
44%
KSI 2014 Stinger
44%
Autobot 2009 Elita-1
40%
Decepticon 2007 Frenzy
40%
Wrecker 2011 Leadfoot
40%
Decepticon 2017 Nitro Zeus
40%
Constructicon 2009 Long Haul
36%
Powerful Controller 2017 Quintessa
36%
Constructicon 2009 Scavenger
36%
Constructicon 2009 Scrapper
36%
Dinobot 2014 Slug/Slag
36%
Autobot 2009 Chromia
32%
Autobot 2009 Jolt
32%
Wrecker 2011 Roadbuster
32%
Decepticon 2009 Grindor
28%
Constructicon 2009 Mixmaster
28%
A Fake Prime 2017 Nemesis Prime
28%
Decepticon 2017 Onslaught
28%
Constructicon 2009 Rampage
28%
Wrecker 2011 Topspin
28%
Dread 2011 Crowbar
24%
Decepticon 2017 Dreadbot
24%
Constructicon 2009 Hightower
24%
Minicon 2011 Laserbeak
24%
Decepticon 2017 Mohawk
24%
Minicon 2011 The Driller
24%
Decepticon Human 2009 Alice
20%
Decepticon 2017 Berserker
20%
Dread 2011 Crankcase
20%
Dread 2011 Hatchet
20%
Decepticon 2009 Sideways
20%
Constructicon 2009 Skipjack
20%
Constructicon 2009 Overload
16%
Constructicon 2009 Payload
16%
A Prime 2009 Prima
16%
Constructicon 2009 Scrap Metal
16%
Dinobot 2014 Strafe
16%
Constructicon 2009 Demolishor
12%
Dinobot 2014 Scorn
12%
Dinobot 2014 Snarl
12%
Constructicon 2009 Bucket Head
8%
Insecticon 2009 Hardshell
8%
Insecticon 2009 Kickback
8%
Autobot 2017 Canopy
4%
Smallest Combiner 2009 Reedman
4%
Constructicon 2009 Trample
4%
Constructicon 2009 Tread
4%
Insecticon 2009 Airachnid
0%
A Prime 2009 Blinky-Bus
0%
Autobot 2017 Dino's Clone
0%
Decepticon 2017 Protoforms
0%
Autobot 2014 Rollbar
0%
Insecticon 2009 Sharpshot
0%
Decepticon 2014 Two Heads
0%
Autobot 2017 Volleybot
0%
No matching quizzes found
Score Distribution
Percent of People with Each Score
Percentile by Number Answered
Your Score History
You have not taken this quiz since the last reset